01025nam a2200325 i 450000100060000000300090000600500170001500800410003202000150007304000080008804600090009608000150010508000140012008000090013410000370014324500480018026000560022830000370028433600270032133700540034833800280040238000160043038800140044638800140046065000420047465500130051665800300052971000420055985600980060151430KOSZ 00520221216094345.0011010s2000 pl f |000 0 pol d a8320811937 cBPK k2000 a005.95/.96 a658.310.8 a(07)1 aKostera, Monikad(1963- )eAutor10aZarządzanie personelem /cMonika Kostera. aWarszawa :bPolskie Wydawnictwo Ekonomiczne,c2000. a139, [1] s. :b2 wykr. ;c21 cm. 2rdacontentaTekstbtxt 2rdamediaaBez urządzenia pośredniczącegobn 2rdacarrieraWoluminbnc aKsiążki a1901-2000 a1989-2000 4aZarządzanie zasobami ludzkimi (HRM) 4aPoradnik aZarządzanie i marketing2 aPolskie Wydawnictwo Ekonomiczne4pbl. uhttp://koha.tu.koszalin.pl/cgi-bin/koha/opac-detail.pl?biblionumber=51430yKatalog online BPK